PC/ TAS : trade analysis system on personal computer 1994-1998 [
| Format: | Book |
|---|---|
| Published: |
[Geneva]:
ITC/ UN Statistics Division,
[1999].
|
| Subjects: |
| LEADER | 00464cam a2200121 7i4500 | ||
|---|---|---|---|
| 001 | 0000008831 | ||
| 005 | 20010308090000.0 | ||
| 090 | 0 | 0 | |a CD-ROM 035-3 |b PCT |
| 245 | 0 | 0 | |a PC/ TAS : |b trade analysis system on personal computer 1994-1998 [ |m electronic resources]. |
| 260 | 0 | 0 | |a [Geneva]: |b ITC/ UN Statistics Division, |c [1999]. |
| 300 | # | # | |a Electronic computer optical disc (CD-ROM). |
| 650 | 0 | 0 | |a Trade -- |x Statistics |
| 999 | |a 0000012173 |b CD-ROM |c AV Collection |e Business Information Centre | ||